Sports en image par lettre - K / L - Statistiques

Statistiques générales
  • Ce quiz a été pris 83 fois
  • Le résultat moyen est 7 sur 16
Statistiques - réponses
Par images Réponse % Correct
Kayak
99%
Karaté
96%
Karting
96%
Lutte
86%
Luge
70%
Kitesurf
67%
Kung fu
49%
Kick boxing
45%
Kendo
23%
Kin ball
18%
Kyudo
4%
Korfbal
3%
Kaninhop
0%
Kirikiti
0%
Kronum
0%
Lawn bowl
0%
Aucun quiz correspondant
Distribution des résultats
% des personnes avec chaque résultat
Percentile par nombre de réponses
Votre historique - résultats
Vous n’avez pas pris ce quiz